Word Ladder: Full House Quiz Stats

 Plays Quiz Updated Aug 10, 2015

Challenge
Share
Tweet
Embed
Score 0/25 Timer 03:00
0 Plays Today
Hint 4-Letter Word % Correct
Hourglass fillerSAND
94.9%
Three of a ____♠♥♣♦KIND♠♥♣♦
94.3%
To transmit, like a messageSEND
94.3%
What is planted for something to growSEED
94.1%
Two of a kind♠♥♣♦PAIR♠♥♣♦
93.8%
Uttered; spokeSAID
91.7%
Fermented juice of grapesWINE
91.5%
Movement of airWIND
91%
Handed over moneyPAID
90.3%
Possible result of an HIV infectionAIDS
90.3%
Points a weapon at a targetAIMS
89.5%
Camping 'housing'TENT
88.5%
Got 100% on a quizACED
88.4%
Hint 4-Letter Word % Correct
Top cards♠♥♣♦ACES♠♥♣♦
88.1%
Half a quartPINT
87.9%
WeaponsARMS
84.6%
Greek god of warARES
84.6%
Moved rapidly, over the limitSPED
84.5%
An intern or assistantAIDE
83.8%
A bit of pigmentTINT
83.1%
Of great extent from side to sideWIDE
82.8%
Stiffness in the neck or backKINK
82%
Singer Alecia Moore's stage namePINK
81.8%
More than one Roman numeral X♠♥♣♦TENS♠♥♣♦
80.1%
Imitated; mimickedAPED
79.1%

Today's Daily Dose

You're not logged in!

Compare scores with friends on all Sporcle quizzes.
OR
Log In

You Might Also Like...

Show Comments

Extras

Top Quizzes Today


Score Distribution

Your Account Isn't Verified!

In order to create a playlist on Sporcle, you need to verify the email address you used during registration. Go to your Sporcle Settings to finish the process.

Report this User

Report this user for behavior that violates our Community Guidelines.

Details: